000 00339nam a22001457a 4500
003 SGT
082 _a344.07,MEN
100 _aMENON,NRM
245 _aEDUCATION AND PUBLIC HEALTH
250 _a1ST
260 _aNEW DELHI
_bUNIVERSAL BOOKS
_c2013
300 _a138
650 _aLABOR, SOCIAL, EDUCATION & CULTURAL LAW
942 _2ddc
_cBK
_01
999 _c9776
_d9776